Score 0/22 Timer 03:00
1 Play Today
Hint Answer % Correct
He'll huff and he'll puff and he'll blow your house in•WOLF•
98.2%
Game with birdies and eaglesGOLF
93.3%
Hockey disk•PUCK•
92.3%
Load up the suitcasePACK
90.4%
Sir Mix-a-Lot's 'Baby Got ____'BACK
89%
Make this before blowing out the candlesWISH
87.2%
Crips or Bloods e.g.•GANG•
86%
Well-behavedGOOD
85.8%
Fashion designer VeraWANG
84.5%
German Baroque composerBACH
83.4%
ErrorGOOF
80.7%
Hint Answer % Correct
On a ____ and a prayerWING
78.7%
'The ____ Show', 70s amateur talent contest with celebrity judgesGONG
75.6%
Bell soundBONG
74.6%
Ian Fleming characterBOND
72.7%
Something prepared by [rung 1]+[rung 10]+[rung 22]FOOD
72.2%
Riesling, e.g.WINE
69.4%
Quick raceDASH
67.5%
Like some memoriesFOND
67.5%
Violent blowBASH
66.7%
Something prepared by [rung 1]+[rung 10]+[rung 22]DISH
66.2%
SagaciousWISE
64.6%

Today's Daily Dose

You're not logged in!

Compare scores with friends on all Sporcle quizzes.
OR
Log In

Sporcle TV

Today on Sporcle TV


Watch our educational content, quiz creation guides, and fun videos on Sporcle TV.

Show Comments

Extras

Top Quizzes Today


Score Distribution

Your Account Isn't Verified!

In order to create a playlist on Sporcle, you need to verify the email address you used during registration. Go to your Sporcle Settings to finish the process.

Report this User

Report this user for behavior that violates our Community Guidelines.

Details: